| 000 | 00951nam a2200253 a 4500 | ||
|---|---|---|---|
| 001 | 000044027 | ||
| 005 | 20201002045112.0 | ||
| 008 | 140513s1979 sp 000 p spa d | ||
| 020 | _a8401809592 | ||
| 040 |
_aDO-SdBNP _bspa _cBNPHU |
||
| 082 |
_a861.6 _bF385e |
||
| 100 | 1 |
_aFerrer-Vidal, Jorge, _d1926- _972005 |
|
| 245 | 1 | 0 |
_aEste cuarto-de-estar para vivir ; y libro de Irlanda / _cJorge Ferrer-Vidal ; prólogo de Esteban Padrós de Palacios. |
| 260 |
_aEsplugas de Llobregat, Barcelona : _bPlaza & Janés, _c1979. |
||
| 300 |
_a168, [8] p. ; _c19 cm. |
||
| 490 | 1 | _aSelecciones de poesía española | |
| 563 | _aDos obras encuadernadas juntas con paginación continua. | ||
| 650 | 4 |
_aPoesía española _9631 |
|
| 650 | 4 |
_aLiteratura española _9632 |
|
| 700 | 1 | 2 |
_aPadrós de Palacios, Esteban _epról. _972006 |
| 740 | 0 | 2 | _aLibro de Irlanda |
| 830 | 0 |
_aSelecciones de poesía española _969282 |
|
| 910 | _aValidado. Control de calidad MFF | ||
| 999 |
_c43516 _d43516 |
||